书目信息 |
| 题名: |
美国人眼中的越南战争
|
|
| 作者: | 艾泽曼 著 ;孙宝寅 译 | |
| 分册: | ||
| 出版信息: | 北京 当代中国出版社 2006 |
|
| 页数: | 193页 | |
| 开本: | 23cm | |
| 丛书名: | 《战争中的美国》丛书 | |
| 单 册: | ||
| 中图分类: | K712.54 | |
| 科图分类: | ||
| 主题词: | 印支战争--越南--(1961-1975)--史料 , 北美洲--历史 | |
| 电子资源: | ||
| ISBN: | 7-80170-428-2 | |
| 000 | 01435nam0 2200337 450 | |
| 000 | 01398nam0 2200325 450 | |
| 000 | 01339nam0 2200313 450 | |
| 000 | 01285nam0 2200289 450 | |
| 000 | 01336nam0 2200277 450 | |
| 000 | 01299nam0 2200265 45 | |
| 005 | 20070111151121.50 | |
| 010 | @a7-80170-428-2@dCNY20.00 | |
| 100 | @a20060829d2006 ekmy0chiy0120 ea | |
| 101 | 1 | @achi@ceng |
| 102 | @aCN@b110000 | |
| 105 | @aa z 000yy | |
| 200 | 1 | @a美国人眼中的越南战争@AMei Guo Ren Yan Zhong De Yue Nan Zhan Zheng@f(美)莫里斯·艾泽曼著@F( Mei ) Mo Li Si· Ai Ze Man Zhu@g孙宝寅译 |
| 210 | @a北京@c当代中国出版社@d2006 | |
| 215 | @a193页@c图@d23cm | |
| 225 | 2 | @a《战争中的美国》丛书 |
| 330 | @a本书清晰地讲述了美国在第二次世界大战刚刚结束之时卷入亚洲中南半岛事务的原因,并且深刻探究了美国遏制共产主义运动的种种复杂动机,并向我们揭示了艾森豪威尔总统在1954年决定向越南提供援助,而在1965年约翰逊总统为什么下令发动战争,为什么说北越在1968年的春节反击战中失败然而终于取得政治上的胜利不是不可能等问题。 | |
| 410 | 0 | @12001 @a《战争中的美国》丛书 |
| 606 | 0 | @a印支战争@y越南@x(1961-1975)@x史料 |
| 606 | 0 | @a北美洲@x历史 |
| 690 | @aK712.54@v4 | |
| 701 | 1 | @a艾泽曼@AAi Ze Man@b莫里斯@4著 |
| 702 | 0 | @a孙宝寅@ASun Bao Yin@4译 |
| 801 | 0 | @aCN@b中图数据@c20070111 |
| 905 | @a10447@dK712.54@e30 | |
| 美国人眼中的越南战争/(美)莫里斯·艾泽曼著/孙宝寅译.-北京:当代中国出版社,2006 |
| 193页:图;23cm.-(《战争中的美国》丛书) |
| ISBN 7-80170-428-2:CNY20.00 |
| 本书清晰地讲述了美国在第二次世界大战刚刚结束之时卷入亚洲中南半岛事务的原因,并且深刻探究了美国遏制共产主义运动的种种复杂动机,并向我们揭示了艾森豪威尔总统在1954年决定向越南提供援助,而在1965年约翰逊总统为什么下令发动战争,为什么说北越在1968年的春节反击战中失败然而终于取得政治上的胜利不是不可能等问题。 |
| ● |
| 相关链接 |
|
|
|
|
正题名:美国人眼中的越南战争
索取号:K712.54/30
 
预约/预借
| 序号 | 登录号 | 条形码 | 馆藏地/架位号 | 状态 | 备注 |
| 1 | 0602112 | 206021124 | 第二样本阅览室/ [索取号:K712.54/30] | 在馆 | |
| 2 | 0602113 | 206021133 | 第二借阅区/ [索取号:K712.54/30] | 在馆 | |
| 3 | 0602114 | 206021142 | 第二借阅区/ [索取号:K712.54/30] | 在馆 | |
| 4 | 0602115 | 206021151 | 第二借阅区/ [索取号:K712.54/30] | 在馆 | |
| 5 | 0602116 | 206021160 | 第二借阅区/ [索取号:K712.54/30] | 在馆 | |
| 6 | 0602117 | 206021179 | 第二借阅区/ [索取号:K712.54/30] | 在馆 | |
| 7 | 0602118 | 206021188 | 第二借阅区/ [索取号:K712.54/30] | 在馆 | |
| 8 | 0602119 | 206021197 | 第二借阅区/ [索取号:K712.54/30] | 在馆 |